=LDR 00000nam 2200000 4500 =001 INLIS000000000037139 =005 20130612142902 =008 ***********************************Ind** =035 ##$$0010-061300000037139 =041 ##$$a Ind =082 ##$$a 641.5 =090 ##$$a 641.5, Erw m =100 ##$$a Erwin, Lilly T =245 ##$$a Masak sajian dari sosis. kolade dan bakso dalam waktu 30 menit, Lilly T Erwin ; editor, Intarina Hardiman =260 ##$$a 2011 $b Jakarta =300 ##$$a 43 hlm, ilus, 22 cm =650 ##$$a Masakan-resep =850 ##$$a NBPNMAT =990 ##$$a 0001/BPAP-NTB/2016